Normal view
MARC view
Entry Topical Term
001 - CONTROL NUMBER
- control field: 5470
003 - CONTROL NUMBER IDENTIFIER
- control field: dpl
005 - DATE AND TIME OF LATEST TRANSACTION
- control field: 20100803160947.0
008 - FIXED-LENGTH DATA ELEMENTS
- fixed length control field: 100803|||a|||||| | ||| d
040 ## - CATALOGING SOURCE
- Original cataloging agency: dpl
- Transcribing agency: dpl
150 ## - HEADING--TOPICAL TERM
- Topical term or geographic name as entry element: Electricity experiment
670 ## - SOURCE DATA FOUND
- Source citation: Work cat.: (dpl): Wadhwani,Navina 5467, Electricity and magnetism /, 2010
670 ## - SOURCE DATA FOUND
- Source citation: Work cat.: (dpl): Wadhwani,Navina 5467, Electricity and magnetism /, 2010
